V zemi našich přátel.
Uložené v:
| Médium: | Kniha |
|---|---|
| Jazyk: | Czech |
| Vydané: |
[S. l.] :
[s. n.],
1964.
|
| Vydanie: | 1. vyd. |
| ISBN: |
(brož.) |
| Fyzický popis: |
38 s. |
| Tagy: |
Pridať tag
Žiadne tagy, Buďte prvý kto otaguje tento záznam!
|
Titul je dostupný aj v ... 

MARC
| LEADER | 00000nam a22000004a 4500 | ||
|---|---|---|---|
| 001 | 000463595 | ||
| 005 | 20150411144809.0 | ||
| 008 | 150411 1964 xr e cze d | ||
| 020 | |a (brož.) |c Kčs 4,00 | ||
| 040 | |a SVKKK |b slo |c SVKKK |e AACR2 | ||
| 041 | 0 | |a cze | |
| 044 | |a xr |c CZ | ||
| 245 | 1 | 0 | |a V zemi našich přátel. |
| 250 | |a 1. vyd. | ||
| 260 | |a [S. l.] : |b [s. n.], |c 1964. | ||
| 300 | |a 38 s. | ||
| 500 | |a Príloha časopisu Rozvoj, č. 4/1964 | ||
| 910 | |a svkkk | ||
| 998 | |a BK | ||
| 090 | |g SCKHL |k Sklad Pribinova 1. posch. |a IV.31863 |j 336169 |i 463595-10 |s Povinný výt. | ||